Architektúra kopy /
Enregistré dans:
| Auteur principal: | |
|---|---|
| Format: | Livre |
| Langue: | slovaque |
| Publié: |
Košice :
Technická univerzita v Košiciach, Fakulta umení,
2024
|
| Édition: | 1. vydanie |
| Sujets: | |
| Tags: |
Pas de tags, Soyez le premier à ajouter un tag!
|
MARC
| LEADER | 00000nam a22000003a 4500 | ||
|---|---|---|---|
| 001 | 0116027 | ||
| 003 | SK-STU | ||
| 005 | 20250617151504.4 | ||
| 007 | ta | ||
| 008 | 250617s ----xo-----e------000-0-----d | ||
| 020 | |a 978-80-553-3445-5 | ||
| 040 | |a STU |b slo | ||
| 041 | 0 | |a slo | |
| 044 | |a xo | ||
| 100 | 1 | |a Koban, Juraj |4 aut | |
| 245 | 1 | 0 | |a Architektúra kopy / |c aut. Juraj Koban |
| 250 | |a 1. vydanie | ||
| 260 | |a Košice : |b Technická univerzita v Košiciach, Fakulta umení, |c 2024 | ||
| 300 | |a 112 s. | ||
| 650 | 0 | 7 | |a teória architektúry |
| 650 | 0 | 7 | |a dejiny a teória umenia |
| 650 | 0 | 7 | |a filozofia |
| 650 | 0 | 7 | |a architektúra |
| 650 | 0 | 7 | |a reflexia |
| 650 | 0 | 7 | |a ľudia |
| 650 | 0 | 7 | |a spoločnosť |
| 650 | 0 | 7 | |a metodika |
| 996 | |b 284AU10440 |c A* 16315/U |l AAKNAR |s A |a 24 |w 0116027_0001 | ||